What countries are hosting F1 races in 2026? - Statistics

General Stats
  • This quiz has been taken 19 times
  • The average score is 16 of 19
Answer Stats
Hint Answer % Correct
Round 4/17/20 America
100%
Round 1 Australia
100%
Round 2 China
100%
Round 3 Japan
100%
Round 6 Monaco
94%
Round 7/14 Spain
94%
Round 9 U.K.
94%
Round 10 Belgium
88%
Round 19 Brazil
88%
Round 5 Canada
88%
Round 11 Hungary
82%
Round 13 Italy
82%
Round 18 Mexico
82%
Round 12 Netherlands
82%
Round 8 Austria
76%
Round 15 Azerbaijan
71%
Round 21 Qatar
71%
Round 16 Singapore
65%
Round 22 Abu Dhabi
35%
No matching quizzes found
Score Distribution
Percent of People with Each Score
Percentile by Number Answered
Your Score History
You have not taken this quiz